Inventions et inventeurs - Statistiques

Statistiques générales
  • Ce quiz a été pris 44 fois
  • Le résultat moyen est 3 sur 15
Statistiques - réponses
Hint Réponse % Correct
Vaccin contre la rage Louis Pasteur
81%
Téléphone Graham Bell
62%
Cinématographe Frères Lumière
41%
Machine à vapeur James Watt
30%
Chaise électrique Thomas Edison
27%
Imprimerie Johannes Gutenberg
22%
Pile électrique Alessandro Volta
19%
Verres correcteurs progressifs Benjamin Franklin
3%
Télévision John Baird
3%
Ascenceur Elisha Otis
0%
Boussole Felipe Guillén
0%
Moteur à explosion Frères Niépce
0%
Machine à laver James King
0%
Vélo Karl Drais
0%
Train à vapeur Richard Trevithick
0%
Aucun quiz correspondant
Distribution des résultats
% des personnes avec chaque résultat
Percentile par nombre de réponses
Votre historique - résultats
Vous n’avez pas pris ce quiz